الأبحاث العلمية المنجزة في مؤسسة البحث العلمي : (رقم التسجيلة. 26256)

تفاصيل مارك
000 -LEADER
fixed length control field 00745nam a22001817a 4500
005 - DATE AND TIME OF LATEST TRANSACTION
control field 20251108165352.0
008 - FIXED-LENGTH DATA ELEMENTS--GENERAL INFORMATION
fixed length control field 250721s1978 xx 000 0 ara d
082 14 - DEWEY DECIMAL CLASSIFICATION NUMBER
Classification number م/016.00143/عرا
245 10 - TITLE STATEMENT
Title الأبحاث العلمية المنجزة في مؤسسة البحث العلمي :
Remainder of title قائمة بيبلوغرافية /
264 1# - PRODUCTION, PUBLICATION, DISTRIBUTION, MANUFACTURE, AND COPYRIGHT NOTICE
Place of production, publication, distribution, manufacture بغداد :
Name of producer, publisher, distributor, manufacturer مؤسسة البحث العلمي-مركز التوثيق العلمي،
Date of production, publication, distribution, manufacture, or copyright notice 1978.
300 ## - PHYSICAL DESCRIPTION
Extent
500 ## - GENERAL NOTE
General note الجزء الاول يتضمن الابحاث باللغة الانجليزية
650 17 - SUBJECT ADDED ENTRY--TOPICAL TERM
Topical term or geographic name as entry element الأبحاث
650 17 - SUBJECT ADDED ENTRY--TOPICAL TERM
Topical term or geographic name as entry element الببليوغرافيات
710 2# - ADDED ENTRY--CORPORATE NAME
Corporate name or jurisdiction name as entry element العراق . مركز التوثيق العلمي
Relator term تايف
942 ## - ADDED ENTRY ELEMENTS (KOHA)
Source of classification or shelving scheme Dewey Decimal Classification
Koha item type مراجع
المقتنيات
حالة السحب حالة الفقدان مصدر التصنيف حالة التلف غير قابل للإعارة المكتبة الرئيسية المكتبة الحالية موقع الرف تاريخ التزويد الرقم المتسلسل Total Checkouts رقم الإستدعاء الباركود تاريخ آخر ظهور تاريخ الفاتورة نوع المادة (كوها)
    Dewey Decimal Classification   Not For Loan المكتبة المركزية المكتبة المركزية مراجع 06/07/2004 67684   م/016.00143/عرا 67684 28/07/2025 06/07/2004 مراجع
    Dewey Decimal Classification   Not For Loan المكتبة المركزية المكتبة المركزية مراجع 28/07/2025 67658   م/016.00143/عرا   28/07/2025 28/07/2025 مراجع
Implemented & Customized by: BBB with SCIT (Smart Chains for Information Technology)

Powered by Koha